000
00290nam a22000977a 4500
005
20250901165506.0
008
210513b |||||||| |||| 00| 0 eng d
050
_a
AE5 .A44 1969
245
_a
THE ENCYCLOPEDIA AMERICANA V.15
_b
INTERNATIONAL EDITION
942
_2
lcc
_h
AE5 .A44 1969
999
_c
4821
_d
4821